LEADER 01224nam a2200277 4500 001 000000365110 003 CaOOAMICUS 005 20251111141505.0 008 251111s2025 it 000 u ita r 020 $a978-88-10-14684-2 040 $aSeMil$bita 100 1 $aFrausini, Giovanni,$d<1951- >.$0(OLS)http://semarc/name/64228 245 10$aPreti usa e getta? :$ble comunità e i loro preti /$cGiovanni Frausini ; presentazione di Erio Castellucci. 264 1$aBologna :$bEDB,$c2025. 300 $a229 p. ;$c21 cm 490 1 $aCammini di Chiesa 650 4$aSacerdozio - Chiesa cattolica.$0(OLS)http://semarc/subject/5208 650 4$aMinistero ordinato.$0(OLS)http://semarc/subject/8558 700 1 $aCastellucci, Erio,$c.$0(OLS)http://semarc/name/5820 830 0$aCammini di Chiesa.$0(OLS)http://semarc/title/9951 850 $aSeMil 852 $aSeMil$W1$xVenegono$y1$m2F III 109$j264415$B255955$CSeMilBibl$Z2$F255955 $81 996 $6020$a978-88-10-14684-2$9(OLS)http://semarc/number/304582 996 $6245$aPreti usa e getta? :$ble comunità e i loro preti$9(OLS)http://semarc/title/456652 996 $6264$aBologna :$bEDB$9(OLS)http://semarc/publisher/29669 LEADER 00812nam a2200217 i 4500 001 000000017028 003 CaOOAMICUS 005 20180830125443.0 008 180830s2005 it u000 u ita u 040 $aSeMil$bita 100 1 $aPozzoli, Luigi,$d<1932-2011>.$0(OLS)http://semarc/name/4230 245 10$aPensieri vagabondi /$cLuigi Pozzoli. 260 $a[S.l. :$bs.n.],$c2005$e(Bresso :$fMaingraf,$g2005) 300 $av. ;$c21 cm. 500 $aDono del Card. Dionigi Tettamanzi. 650 4$aPozzoli, Luigi.$0(OLS)http://semarc/subject/2779 774 0 $aPozzoli, Luigi <1932-2011>$t[1]: 1990-1992.$gVol.1$w()156109 774 0 $t[2]: 1992-1999.$gVol.2$w()156982 941 1 $a5 996 $6245$aPensieri vagabondi$9(OLS)http://semarc/title/22514 996 $6260$a[S.l. :$bs.n.]$9(OLS)http://semarc/publisher/29751